Women and radio : (Record no. 21477)
[ view plain ]
| 000 -LEADER | |
|---|---|
| fixed length control field | 00839cam a22002655a 4500 |
| 001 - CONTROL NUMBER | |
| control field | 012614210 |
| 005 - DATE AND TIME OF LATEST TRANSACTION | |
| control field | 20160322140630.0 |
| 008 - FIXED-LENGTH DATA ELEMENTS--GENERAL INFORMATION | |
| fixed length control field | 011112s2000 enka frb 001 0 eng d |
| 020 ## - INTERNATIONAL STANDARD BOOK NUMBER | |
| International Standard Book Number | 041522070X |
| 020 ## - INTERNATIONAL STANDARD BOOK NUMBER | |
| International Standard Book Number | 0415220718 (pbk) |
| 020 ## - INTERNATIONAL STANDARD BOOK NUMBER | |
| International Standard Book Number | 9780415220712 |
| 040 ## - CATALOGING SOURCE | |
| Original cataloging agency | WlAbNL |
| Modifying agency | Uk |
| Language of cataloging | eng |
| Modifying agency | EG-ScBUE |
| 082 04 - DEWEY DECIMAL CLASSIFICATION NUMBER | |
| Edition number | 22 |
| Classification number | 384.54082 |
| Item number | WOM |
| 245 00 - TITLE STATEMENT | |
| Title | Women and radio : |
| Remainder of title | airing differences / |
| Statement of responsibility, etc | edited by Caroline Mitchell. |
| 260 ## - PUBLICATION, DISTRIBUTION, ETC. (IMPRINT) | |
| Place of publication, distribution, etc | London ; |
| -- | New York : |
| Name of publisher, distributor, etc | Routledge, |
| Date of publication, distribution, etc | 2000. |
| 300 ## - PHYSICAL DESCRIPTION | |
| Extent | xxi, 290 p. : |
| Other physical details | ill. ; |
| Dimensions | 24cm. |
| 500 ## - GENERAL NOTE | |
| General note | Index : p. 283-290. |
| 504 ## - BIBLIOGRAPHY, ETC. NOTE | |
| Bibliography, etc | Includes bibliographical references. |
| 650 #7 - SUBJECT ADDED ENTRY--TOPICAL TERM | |
| Topical term or geographic name as entry element | Women in radio broadcasting. |
| Source of heading or term | BUEsh |
| 9 (RLIN) | 39630 |
| 650 #7 - SUBJECT ADDED ENTRY--TOPICAL TERM | |
| Topical term or geographic name as entry element | Radio broadcasting. |
| Source of heading or term | BUEsh |
| 9 (RLIN) | 39631 |
| 651 ## - SUBJECT ADDED ENTRY--GEOGRAPHIC NAME | |
| Source of heading or term | BUEsh |
| 653 ## - INDEX TERM--UNCONTROLLED | |
| Resource For college | Communication and mass media |
| Arrived date list | March2016 |
| 700 1# - ADDED ENTRY--PERSONAL NAME | |
| Personal name | Mitchell, Caroline, |
| Dates associated with a name | 1959- |
| Relator term | editor. |
| 942 ## - ADDED ENTRY ELEMENTS (KOHA) | |
| Source of classification or shelving scheme | Dewey Decimal Classification |
| Withdrawn status | Item status | Source of classification or shelving scheme | Damaged status | Not for loan | Vendor | Home library | Current library | Shelving location | Date acquired | Source of acquisition | Cost, normal purchase price | Serial Enumeration / chronology | Total Checkouts | Full call number | Barcode | Date last seen | Cost, replacement price | Koha item type |
|---|---|---|---|---|---|---|---|---|---|---|---|---|---|---|---|---|---|---|
| Dewey Decimal Classification | sphinx | Central Library | Central Library | First floor | 22/03/2016 | Purchase | 196.00 | 71066 | 384.54082 WOM | 000032146 | 15/07/2025 | 245.00 | Book - Borrowing |